| 000 | 00838nam a2200217 a 4500 | ||
|---|---|---|---|
| 003 | 0 | ||
| 005 | 20250328152036.0 | ||
| 008 | 050809s19uu xx 00 eng d | ||
| 050 |
_aPGS GV 711.S66 _b.C551 2005 |
||
| 100 | _aChotrani, Chloe C. | ||
| 245 |
_aSports preference of grade 6 students / _cChloe C. Chotrani. |
||
| 260 |
_aLas PiƱas City, Philippines : _bSouthville International School and Colleges, _c2005. |
||
| 300 |
_a28 pages : _billustrations ; _c28 cm. |
||
| 504 | _aIncludes bibliographical references. | ||
| 650 |
_aSports participation _vElementary students. |
||
| 650 |
_aChildren and sports _vPreferences. |
||
| 650 |
_aPhysical education and training _vStudent interest. |
||
| 650 |
_aExtracurricular activities _vSports involvement. |
||
| 650 |
_aSports psychology _vStudent attitudes. |
||
| 942 |
_2lcc _cPASS |
||
| 999 |
_c97350 _d97350 |
||